000 00766pam a2200253 a 4500
001 3854406
003 ARRUPE
005 20150325174346.0
008 880122s1988 nyu b 000 0 eng
010 _a 88002470
020 _a0809104180 :
_c$14.95
040 _aDLC
_cDLC
_dDLC
050 0 0 _aBX1751.2
_b.S483 1988
082 0 0 _a230/.2
_219
100 1 _aSmith, Francis R.,
_d1934-
_916555
245 1 4 _aThe God question :
_ba Catholic approach /
_cFrancis R. Smith.
260 _aNew York :
_bPaulist Press,
_cc1988.
300 _aix, 240 p. ;
_c24 cm.
504 _aBibliography: p. 239-240.
610 2 0 _aCatholic Church
_xDoctrines.
_916556
650 0 _aTheology.
_916557
906 _a7
_bcbc
_corignew
_d1
_eocip
_f19
_gy-gencatlg
942 _2lcc
_cMONOGRAPH
999 _c122495
_d122495